| 000 | 00643cam a22002413a 4500 | ||
|---|---|---|---|
| 001 | 23920 | ||
| 003 | PGUSA | ||
| 005 | 20140828083517.0 | ||
| 008 | 071219s2007||||xxu|||||s|||||000 1 eng d | ||
| 040 |
_aPGUSA _beng |
||
| 042 | _adc | ||
| 100 | 1 | _aWalker, Anne | |
| 245 | 1 | 2 |
_aA Matter of Proportion _h[electronic resource] / _cAnne Walker |
| 260 |
_bProject Gutenberg, _c2007 |
||
| 506 | _aPublic domain in the USA. | ||
| 516 | _aElectronic text | ||
| 653 | _aShort stories | ||
| 653 | _aScience fiction | ||
| 700 | 1 | _aBernklau | |
| 830 | 0 |
_aProject Gutenberg _v23920 |
|
| 856 | 4 | 0 | _uhttp://www.gutenberg.org/ebooks/23920 |
| 942 | _cEB | ||
| 999 |
_c253175 _d253175 |
||